Catálogo
 En Linea

Lili el sanguinario machetero dominicano. (Registro nro. 32835)

Detalles MARC
000 -CABECERA
campo de control de longitud fija 00274nam a2200109 a 4500
001 - NÚMERO DE CONTROL
campo de control 000033344
005 - FECHA Y HORA DE LA ÚLTIMA TRANSACCIÓN
campo de control 20200930070207.0
008 - DATOS DE LONGITUD FIJA--INFORMACIÓN GENERAL
campo de control de longitud fija 110825s1901 000 spa d
040 ## - FUENTE DE LA CATALOGACIÓN
Centro catalogador/agencia de origen DO-SdBNP
245 #0 - MENCIÓN DE TÍTULO
Título Lili el sanguinario machetero dominicano.
260 ## - PUBLICACIÓN, DISTRIBUCIÓN, ETC.
Lugar de publicación, distribución, etc. Curazao,
Fecha de publicación, distribución, etc. 1901.
Existencias
Estado de retiro Estado de pérdida Restricciones de uso No para préstamo Código de colección Localización permanente Ubicación/localización actual Ubicación en estantería Fecha de adquisición Número de inventario Total de préstamos Signatura topográfica completa Código de barras Fecha visto por última vez Precio válido a partir de Tipo de ítem Koha
        Monografías: Libros y Folletos Patrimonio Dominicano Patrimonio Dominicano Orden iniciada 25.08.2011 LF1   33344-10 25.06.2020 25.06.2020 No se presta

Con tecnología Koha